| 000 | 00410pab a2200145 454500 | ||
|---|---|---|---|
| 008 | 180718b xxu||||| |||| 00| 0 eng d | ||
| 100 | _aPant, S.K. | ||
| 245 | _aImpact of electrification on agriculture: a study of three districts of U.P | ||
| 650 | _a Uttar Pradesh | ||
| 650 | _a Electrification | ||
| 650 | _a Agriculture | ||
| 650 | _aElectricity On The Farm | ||
| 773 | _aMan and Development | ||
| 909 | _a3008 | ||
| 999 |
_c3008 _d3008 |
||